[Event "AUTO-ELITE-2559"]
[Site "http://www.queenalice.com/game.php?id=1846835"]
[Date "2024.11.7"]
[Round "1"]
[White "Marini"]
[Black "raulzampronha"]
[Result "1-0"]
[WhiteElo "2369"]
[BlackElo "2304"]

1. e4 c5 2. Nf3 e6 3. c4 Nc6 4. d4 cxd4 5. Nxd4 Nf6 6. Nc3 Bb4 7. Nxc6 bxc6 8.
Bd3 e5 9. O-O O-O 10. Be3 Qe7 11. Rc1 Bc5 12. Bxc5 Qxc5 13. Na4 Qd4 14. Bb1 d6
15. Qe1 d5 16. b3 dxc4 17. Rxc4 Qa1 18. Qe2 Ba6 19. Bd3 1-0